000 00473nam a2200193 a 4500
001 1758522272840
003 ACL
005 20250922115631.0
008 250922s2005##################000#0#eng##
020 _a9780240807317
082 0 4 _a796
_bSCH
100 1 _aSchultz, Brad,
_eauthor.
245 1 0 _aSports Media :
260 _bTaylor & Francis,
_c2005.
300 _a304 pages
650 0 _aLanguage Arts & Disciplines.
942 _cENGLISH
040 _aACL
_beng
_cACL
999 _c588762
_d588762